Normal view
MARC view
Entry Geographic Name
001 - CONTROL NUMBER
- control field: 3912
003 - CONTROL NUMBER IDENTIFIER
- control field: ARRUPE
005 - DATE AND TIME OF LATEST TRANSACTION
- control field: 20131126133828.0
008 - FIXED-LENGTH DATA ELEMENTS
- fixed length control field: 131126|| aca||aabn | a|a d
040 ## - CATALOGING SOURCE
- Original cataloging agency: ARRUPE
- Transcribing agency: ARRUPE
151 ## - HEADING--GEOGRAPHIC NAME
- Geographic name: Zimbabwe
- General subdivision: Social conditions
- Chronological subdivision: 1980-
670 ## - SOURCE DATA FOUND
- Source citation: Work cat.: (ARRUPE)0: Essof, Shereen. 3909, Shemurenga :, 2013.